| 000 | 01064cam a22002055a 4500 | ||
|---|---|---|---|
| 001 | L139633 | ||
| 008 | 070801e20070321xxk f f000 0 eng d | ||
| 035 | _a(Sirsi) u139633 | ||
| 041 | 0 | _aeng | |
| 050 | 0 | 4 | _a332.6324 $2 18 |
| 110 | 1 |
_aUnited Kingdom _bHM Treasury |
|
| 245 | 0 | 0 |
_aProperty authorised investment funds _h[electronic resource] |
| 260 |
_aLondon _bHM Treasury _c2007 |
||
| 520 | _aDescribes the current state of the government's consideration of the taxation of Property Authorised Investment Funds (PAIFs). Based on the discussions and findings of the government's discussions with its appointed Working Group, this document announces a possible framework for consideration. It is intended to be used to allow discussions to move forward. | ||
| 590 | _aKA | ||
| 651 | 4 |
_aUnited Kingdom _y |
|
| 690 | _aPROPERTY-COMMERCIAL PROPERTY-COMMERCIAL PROPERTY FINANCE AND INVESTMENT | ||
| 856 | 4 | 0 |
_uhttps://www.hm-treasury.gov.uk/budget/budget_07/documents/bud_bud07_property.cfm _zView the item free of charge at www.hm-treasury.gov.uk... |
| 942 | _n0 | ||
| 999 |
_c107320 _d107320 |
||